000 00905cam a2200277 4500
001 M1470
008 090401t1992 xxu||||| |||| 00| 0 eng d
035 _a(Sirsi) u32238
041 _aeng
050 _a333.0023
090 _aRICS 1992/89ABC
100 _aKelly, J.G.
245 4 _aThe Royal Institution of Chartered Surveyors Quantity Surveying Division CPD Group CPD questionnaire: May 1992: summary of initial findings.
260 _aBirmingham
_bUniversity of Central England
_c1992
300 _a6 leaves ; 30cm.
350 _a0
520 _aPhotocopy.
650 _aABOUT RICS-RICS MEMBERS
650 _aCONTINUING PROFESSIONAL DEVELOPMENT
650 _aQUANTITY SURVEYING DIVISION CPD GROUP
650 _aRICS
690 _aMANAGEMENT-BUSINESS MANAGEMENT-PROFESSIONAL PRACTICE
710 _aRoyal Institution of Chartered Surveyors
_94900
942 _n0
948 _c04/03/1997
999 _c89697
_d89697